000 00660nam a22002417a 4500
003 UA-OsUOA
001 99359
007 ta
008 20130426b un ||||| |||| 00| 0 ukr d
100 _aСлавин Л.
090 _a821.161.1
_bС47
942 _cBK
040 _aUA-OsUOA
_brus
_cUA-OsUOA
_dUA-OsUOA
245 _aАрденнские страсти
_bроман
300 _a238 с.
_bІлюстрації
955 _a3
041 _arus
080 _a821.161.1
260 _aМ.
_bСоветский писатель
_c1977
044 _aRU
650 7 _a82 Література. Літературознавство
_2UDC
999 _c385470
_d385470